<?xml version="1.0" encoding="UTF-8"?>
<record
    xmlns:xsi="http://www.w3.org/2001/XMLSchema-instance"
    xsi:schemaLocation="http://www.loc.gov/MARC21/slim http://www.loc.gov/standards/marcxml/schema/MARC21slim.xsd"
    xmlns="http://www.loc.gov/MARC21/slim">

  <leader>01432nam a22002897a 4500</leader>
  <controlfield tag="003">BI-BuBU</controlfield>
  <controlfield tag="008">130115t2011    bd ||||d |||| 000 0 fre d</controlfield>
  <datafield tag="037" ind1=" " ind2=" ">
    <subfield code="b">Don de l'auteur</subfield>
  </datafield>
  <datafield tag="039" ind1=" " ind2=" ">
    <subfield code="a">20130115103559.0</subfield>
    <subfield code="b">Nshimirimana Anne-Marie</subfield>
    <subfield code="c">20130514161611.0</subfield>
    <subfield code="d">B&#xE9;atrice Barankeba</subfield>
  </datafield>
  <datafield tag="040" ind1=" " ind2=" ">
    <subfield code="a">BI-BuBU</subfield>
    <subfield code="b">fre</subfield>
    <subfield code="c">BI-BuBU</subfield>
    <subfield code="d">BI-BuBU</subfield>
  </datafield>
  <datafield tag="041" ind1="0" ind2=" ">
    <subfield code="a">fre</subfield>
  </datafield>
  <datafield tag="080" ind1=" " ind2=" ">
    <subfield code="a">635.652.</subfield>
  </datafield>
  <datafield tag="100" ind1="1" ind2=" ">
    <subfield code="4">aut</subfield>
    <subfield code="a">Bazeruka, Omer</subfield>
    <subfield code="9">71079</subfield>
  </datafield>
  <datafield tag="245" ind1="1" ind2="0">
    <subfield code="a">Contribution &#xE0; l'&#xE9;tude comparative de la valeur nutritive des haricots blanc, jaune et jaune pointill&#xE9;</subfield>
    <subfield code="c">par Omer Bazeruka ; Vestine Ntakarutimana, directeur</subfield>
  </datafield>
  <datafield tag="260" ind1=" " ind2=" ">
    <subfield code="a">Bujumbura</subfield>
    <subfield code="b">Universit&#xE9; du Burundi, Facult&#xE9; des Sciences</subfield>
    <subfield code="c">2011</subfield>
  </datafield>
  <datafield tag="300" ind1=" " ind2=" ">
    <subfield code="a">VII-57 f.</subfield>
    <subfield code="c">30 cm.</subfield>
  </datafield>
  <datafield tag="500" ind1=" " ind2=" ">
    <subfield code="a">m&#xE9;moire pr&#xE9;sent&#xE9; et d&#xE9;fendu publiquement en vue de l'obtention du grade de Licenci&#xE9; en Sciences Chimiques.</subfield>
  </datafield>
  <datafield tag="650" ind1=" " ind2="7">
    <subfield code="2">BI-BuBU</subfield>
    <subfield code="a">Haricot blanc</subfield>
    <subfield code="9">64783</subfield>
    <subfield code="x">Valeur nutritive</subfield>
    <subfield code="x">Etude comparative</subfield>
  </datafield>
  <datafield tag="650" ind1=" " ind2="7">
    <subfield code="2">BI-BuBU</subfield>
    <subfield code="a">Haricot jaune</subfield>
    <subfield code="9">64784</subfield>
    <subfield code="x">Valeur nutritive</subfield>
    <subfield code="x">Etude comparative</subfield>
  </datafield>
  <datafield tag="650" ind1=" " ind2="7">
    <subfield code="2">BI-BuBU</subfield>
    <subfield code="a">Haricot jaune pointill&#xE9;</subfield>
    <subfield code="9">64785</subfield>
    <subfield code="x">Valeur nutritive</subfield>
    <subfield code="x">Etude comparative</subfield>
  </datafield>
  <datafield tag="655" ind1=" " ind2="7">
    <subfield code="2">BI-BuBU</subfield>
    <subfield code="a">M&#xE9;moire</subfield>
    <subfield code="9">71080</subfield>
  </datafield>
  <datafield tag="700" ind1="1" ind2=" ">
    <subfield code="4">drt</subfield>
    <subfield code="b">Ntakarutimana, Vestine</subfield>
    <subfield code="9">64787</subfield>
  </datafield>
  <datafield tag="710" ind1=" " ind2=" ">
    <subfield code="a">Universit&#xE9; du Burundi</subfield>
    <subfield code="b">Facult&#xE9; des Sciences</subfield>
    <subfield code="9">71078</subfield>
  </datafield>
  <datafield tag="942" ind1=" " ind2=" ">
    <subfield code="2">udc</subfield>
    <subfield code="c">MEM</subfield>
  </datafield>
  <datafield tag="999" ind1=" " ind2=" ">
    <subfield code="c">18427</subfield>
    <subfield code="d">18427</subfield>
  </datafield>
  <datafield tag="952" ind1=" " ind2=" ">
    <subfield code="0">0</subfield>
    <subfield code="1">0</subfield>
    <subfield code="2">udc</subfield>
    <subfield code="4">0</subfield>
    <subfield code="7">1</subfield>
    <subfield code="9">29793</subfield>
    <subfield code="a">BC</subfield>
    <subfield code="b">BC</subfield>
    <subfield code="d">2013-01-15</subfield>
    <subfield code="e">Don de l'auteur</subfield>
    <subfield code="l">0</subfield>
    <subfield code="o">635.652.BAZ.</subfield>
    <subfield code="p">5010000391775</subfield>
    <subfield code="r">2013-01-15</subfield>
    <subfield code="t">1</subfield>
    <subfield code="w">2013-01-15</subfield>
    <subfield code="y">MEM</subfield>
  </datafield>
</record>
